Statistika Statistics and Economy Journal

Na minha lista:
Detalhes bibliográficos
Formato: Periódico
Idioma:inglês
Publicado em: Praha Český statistický úřad 2016
Assuntos:
Tags: Adicionar Tag
Sem tags, seja o primeiro a adicionar uma tag!

MARC

LEADER 00000nas2a2200000 4500
001 0277136
005 20210712112600.4
022 |a 1804-8765 
041 0 |a eng 
044 |a CZ 
245 1 0 |a Statistika  |b Statistics and Economy Journal 
264 1 |a Praha  |b Český statistický úřad  |c 2016 
773 0 |w eu_un_cat*s120025 
610 2 0 |a štatistika